000 01579cam a22004095i 4500
999 _c20811
_d20783
001 4433635
003 EG-ScBUE
005 20201102111859.0
008 940718t19941994maua f b 001 0 eng d
020 _a0896084892
020 _a9780896084896
040 _aDLC
_beng
_erda
_cDLC
_dEG-ScBUE
043 _an-us---
_an-cn---
082 0 4 _a810.809287089927
_bFOO
_222
245 0 0 _aFood for our grandmothers :
_bwritings by Arab-American and Arab-Canadian feminists /
_cedited by Joanna Kadi.
264 1 _aCambridge, Massachusetts :
_bSouth End Press,
_c[1994]
264 4 _cc1994
300 _axx, 291 pages :
_billustrations ;
_c23 cm
336 _atext
_btxt
_2rdacontent
337 _aunmediated
_bn
_2rdamedia
338 _avolume
_bnc
_2rdacarrier
504 _aIncludes bibliographical references and index.
650 7 _aFeminism
_zUnited States
_xLiterary collections.
_2BUEsh
650 7 _aAmerican literature
_xArab American authors.
_2BUEsh
650 7 _aWomen
_zUnited States
_xLiterary collections.
_2BUEsh
650 7 _aArabs
_zUnited States
_xLiterary collections.
_2BUEsh
650 7 _aFeminism
_zCanada
_xLiterary collections.
_2BUEsh
650 7 _aWomen
_zCanada
_xLiterary collections.
_2BUEsh
650 7 _aArabs
_zCanada
_xLiterary collections.
_2BUEsh
650 7 _aAmerican literature
_xWomen authors.
_2BUEsh
650 7 _aCanadian literature
_xWomen authors.
_2BUEsh
650 7 _aCanadian literature
_xArab authors.
_2BUEsh
651 _2BUEsh
653 _bHHUUEENN
_cSeptember2015
_cDecember2015
700 1 _aKadi, Joanna,
_eeditor.
942 _2ddc
_cBB